[Event "HCL-B192"]
[Site "www.playchess.de"]
[Date "2001.02.28"]
[Round "4"]
[White "rockmountain"]
[Black "deadeasy"]
[WhiteElo "761"]
[BlackElo "1869"]
[PlyCount "44"]
[Result "0-1"]

1.e4 e6 {hello from london. i look forward to an 
interesting game}  2.Nf3 {me to from Ohio}  d5 
3.exd5 exd5 4.Nc3 c6 5.d4 Bd6 6.Bd3 Qe7+ 7.Be2 Bg4 
8.O-O Nd7 9.Be3 Ngf6 10.Bg5 h6 11.Bxf6 Qxf6 12.a4 
O-O-O {I really cannot make a scientific choice of 
which side to castle, is will go with the "fun" 
potentia}  13.a5 {i like both}  Rde8 14.a6 b6 
15.Na4 Re4 16.Qd3 Rhe8 17.Nc3 Bxf3 18.Bxf3 Rxd4 
19.Ne4 dxe4 20.Bxe4 Rxd3 21.Bxd3 Nc5 22.Rab1 
Nxd3 0-1

[Event "ACL-A105"]
[Site "www.playchess.de"]
[Date "2001.02.28"]
[Round "5"]
[White "dakini"]
[Black "pgschumy"]
[WhiteElo "1608"]
[BlackElo "1500"]
[PlyCount "71"]
[Result "1-0"]

1.d4 { a nice game :-)}  Nf6 {Hello!}  2.Bg5 e6 
3.e4 Be7 4.e5 Nd5 5.Bxe7 Nxe7 6.Nf3 O-O 7.Bd3 d6 
8.O-O Nbc6 9.Nbd2 a6 10.exd6 cxd6 11.c3 b5 12.a4 
b4 13.Re1 Bb7 14.c4 a5 15.Nb3 Ba6 16.d5 exd5 
17.cxd5 Nxd5 18.Bxa6 Rxa6 19.Qxd5 Nb8 20.Rac1 Nd7 
21.Nfd4 Ne5 22.Red1 Re8 23.Nf5 g6 24.Nxd6 Rxd6 
25.Qxd6 Qxd6 26.Rxd6 {Sorry but I want to win this 
game :-)}  Nc4 27.Rd4 Nxb2 28.Nxa5 Nxa4 29.Rxb4 
Nc3 30.Ra1 Na2 31.Rb7 h5 32.Nc4 Nc3 33.Nd6 Rd8 
34.Nxf7 {sorry, can´t accept, wanna win; hoping 
for a revenge sometime...}  Rd1+ {OK!}  35.Rxd1 
{Thanks!}  Nxd1 36.Ne5 1-0

[Event "ACL-A105"]
[Site "www.playchess.de"]
[Date "2001.02.28"]
[Round "12"]
[White "patzer"]
[Black "pgschumy"]
[WhiteElo "1485"]
[BlackElo "1500"]
[PlyCount "61"]
[Result "1-0"]

1.d4 Nf6 {Hi!}  2.c4 {Hi! Sorry, my English is to 
poor to talk...}  e6 3.Nc3 b6 4.Nf3 Bb7 5.Bg5 Be7 
6.Qc2 O-O 7.e4 d6 8.Bd3 h6 9.Be3 Nbd7 10.O-O-O Ng4 
11.Bf4 e5 12.Bg3 exd4 13.Nxd4 Bg5+ 14.Kb1 Nde5 
15.h3 Nxd3 16.Rxd3 Nf6 17.h4 Nxe4 18.hxg5 Nxc3+ 
19.Qxc3 Bxg2 20.Rh2 Be4 21.gxh6 gxh6 22.Rxh6 f6 
23.Ne6 Qe7 24.Nxf8 Qxf8 25.Bf4 Re8 26.b3 Qg7 
27.Kb2 Bxd3 28.Qxd3 f5+ 29.Ka3 Qf7 30.Qg3+ Kf8 
31.Qg5 1-0

[Event "HCL-C200"]
[Site "www.playchess.de"]
[Date "2001.02.28"]
[Round "6"]
[White "rrr3"]
[Black "foxzy"]
[WhiteElo "1000"]
[BlackElo "614"]
[PlyCount "53"]
[Result "1-0"]

1.e4 e5 2.Nf3 Nc6 3.Bb5 Nf6 4.d3 d5 5.Nxe5 dxe4 
6.Nxc6 bxc6 7.Bxc6+ Bd7 8.Bxa8 Qxa8 9.O-O Bd6 
10.dxe4 O-O 11.Re1 Nxe4 12.Nd2 Nf6 13.Nc4 Bc5 
14.Be3 Bb6 15.Nxb6 axb6 16.Bf4 Qc6 17.c3 Be6 
18.Qc2 Qc4 19.Bg3 Nh5 20.b3 Qc6 21.Rad1 Bd5 22.Qf5 
Nf6 23.f3 Be6 24.Qe5 Nd5 25.c4 Nb4 26.Qxc7 Rc8 
27.Rd8+ 1-0

[Event "HCL-B197"]
[Site "www.playchess.de"]
[Date "2001.02.28"]
[Round "2"]
[White "Whatever"]
[Black "jabbaman"]
[WhiteElo "1262"]
[BlackElo "1282"]
[PlyCount "38"]
[Result "1/2-1/2"]

1.e4 {Have a nice game.}  g6 2.d4 Bg7 {To you 
too!}  3.c4 d6 4.Nc3 c5 5.Nf3 cxd4 6.Nxd4 Nc6 
7.Be3 Nf6 8.f3 a6 9.Qd2 O-O 10.Be2 Qc7 11.O-O Nxd4 
12.Bxd4 Be6 13.Nd5 Bxd5 14.cxd5 Rac8 15.Rfc1 Qd7 
16.Rxc8 Rxc8 17.Rc1 b5 18.Rxc8+ Qxc8 19.Qc3 
Qxc3 1/2-1/2

[Event "HCL-B197"]
[Site "www.playchess.de"]
[Date "2001.02.28"]
[Round "9"]
[White "toilet"]
[Black "Whatever"]
[WhiteElo "1881"]
[BlackElo "1262"]
[PlyCount "41"]
[Result "1-0"]

1.e4 c5 {Have a good game.}  2.Nf3 {Thanks.same to 
you}  Nc6 3.d4 cxd4 4.Nxd4 g6 5.Nc3 Bg7 6.Be3 Nf6 
7.Bc4 O-O 8.Bb3 d6 9.f3 Bd7 10.Qd2 Nxd4 11.Bxd4 b5 
12.h4 a5 13.a4 bxa4 14.Nxa4 Bxa4 15.Rxa4 Nd7 
16.Bxg7 Kxg7 17.h5 Nc5 {Powerful little pawn.}  
18.hxg6 {don't you hate those little guys :-)}  
hxg6 {See, that depends. If I would have had 
white, I don't know. From the eighth rank it 
looked mean.}  19.Qh6+ {true}  Kf6 {Should you 
always centralize your king - or was that only 
endgames?}  20.Qf4+ {i think endgames :-)}  Kg7 
{ok. I'll move back then. What does :-) mean?}  
21.e5 {its a smily face}  1-0

[Event "HCL-B203"]
[Site "www.playchess.de"]
[Date "2001.02.28"]
[Round "21"]
[White "altmax"]
[Black "O_Man"]
[WhiteElo "1200"]
[BlackElo "1103"]
[PlyCount "64"]
[Result "1/2-1/2"]

1.b3 {Good luck!}  d5 {thank you !}  2.Nf3 Nc6 
3.Bb2 Nf6 4.e3 a6 5.d3 Bf5 6.Be2 Qd6 7.Nbd2 e5 
8.O-O e4 9.Nd4 Qe5 10.Nxc6 Qxb2 11.Nd4 g6 12.dxe4 
dxe4 13.Nxf5 gxf5 14.Nc4 Qc3 15.Qd4 Qxd4 16.exd4 
O-O-O 17.c3 f4 18.Ne5 Rg8 19.Nxf7 f3 20.Nxd8 Rxg2+ 
{ya know, if I can't make this work out, I just 
cost myself a rook.}  21.Kh1 Kxd8 22.Bc4 {Well, 
it's a very tricky position. I was actually 
thinking about doing crazy Bxf3.}  Ng4 {I was 
expecting h3}  23.h3 {Well, I wanted to save my 
Bishop:-) I'm doing h3 now which will result in 
possible infinite check by}  Nxf2+ {nah, I play to 
win, I hate draws, this should be interesting}  
24.Rxf2 {sure, no problem. I did not think of that 
move by the way.}  Rxf2 {all of that, just to be 
up a pawn, hardly seems worth it.}  25.Kg1 {You 
never know. Sometimes a pawn DOES make a 
difference... especially at the end.}  e3 {I'll 
probably lose a game to SAROS for just that 
reason}  26.Re1 Rg2+ 27.Kf1 f2 28.Rxe3 Rh2 {could 
I have made a worse move?}  29.Rf3 {Don't worry. 
We all do mistakes.}  Bd6 30.Be6 c5 31.Rxf2 Rxf2+ 
32.Kxf2 Ke7 1/2-1/2

[Event "HCL-A092"]
[Site "www.playchess.de"]
[Date "2001.02.28"]
[Round "1"]
[White "One_i"]
[Black "kiki"]
[WhiteElo "1484"]
[BlackElo "1700"]
[PlyCount "23"]
[Result "1-0"]

1.d4 {good luck to you from Canada}  d5 {good luck 
from Greece}  2.Nf3 Nc6 3.c3 e6 4.Bf4 Bd6 5.e3 
Bxf4 6.exf4 Qd6 7.Ne5 Nge7 8.Bd3 f6 9.Qh5+ g6 
10.Nxg6 Rg8 11.Ne5+ Kd8 12.Nf7+ 1-0

[Event "HCL-A092"]
[Site "www.playchess.de"]
[Date "2001.02.28"]
[Round "11"]
[White "One_i"]
[Black "jmcerna"]
[WhiteElo "1484"]
[BlackElo "2010"]
[PlyCount "48"]
[Result "1/2-1/2"]

1.d4 {good luck to you from Canada}  Nf6 {I say 
the same from Chilke}  2.Nf3 d6 3.Bf4 Bf5 4.c3 
Nbd7 5.e3 c6 6.Nbd2 Qc7 7.Qb3 h6 8.Bc4 e6 9.a4 Be7 
10.h3 O-O 11.O-O e5 12.Bh2 exd4 13.exd4 Nb6 14.Be2 
Rad8 15.Rfe1 Qd7 16.Nc4 Nxc4 17.Qxc4 d5 18.Qb3 
Rfe8 19.Ne5 Qc8 20.Qd1 Bd6 21.Ng4 Bxg4 22.Bxg4 
Bxh2+ 23.Kxh2 Nxg4+ 24.Qxg4 Qxg4 1/2-1/2

[Event "HCL-A096"]
[Site "www.playchess.de"]
[Date "2001.02.28"]
[Round "2"]
[White "Alyaspogi"]
[Black "Flemming"]
[WhiteElo "1700"]
[BlackElo "1946"]
[PlyCount "30"]
[Result "0-1"]

1.e4 {Hi. how are you? i'm new at this site.}  c6 
{God morning over there! Welcome to Playchess. 
I'am fine. Been playing about 7 games here until 
now}  2.d4 {thank you. this site seem to be cool. 
Umm i don't know about flemming.}  d5 {1/3 of all 
newcomers apparently disappear after no more than 
2-3 visits to the site :-)}  3.Nc3 {well i have to 
go to school now. so i'll play later. i always 
play a lot even in the other site.}  dxe4 {OK, 
good!}  4.Nxe4 {Ok. i'm here again.}  Nf6 5.Nxf6+ 
{hi . this is somethin wrong with my game against 
kasparovjr. what about you?  maybe he delete?}  
gxf6 {I have already played a lot with him. He is 
active!}  6.Nf3 {it's ok now. He is good? have you 
beat him? your both ratings is higher than mine.}  
Bf5 {I have never played him before.}  7.Nh4 {Oh. 
what is grand prix represent?}  Bg6 {You get those 
GP point if you win tournaments or comment or 
annotate games}  8.Bf4 {Thanks.}  e6 9.Qe2 Qxd4 
10.Nxg6 hxg6 11.Bc1 {good morning. i thought i 
made a mistake.}  Bb4+ {Yes. It looks like you 
will lose a couple of pawns.}  12.Bd2 {lossing a 
couple of pawns would be better than loosing my 
rook. lol.}  Qxb2 {Agree.}  13.Qd1 Nd7 14.Bc4 Nb6 
15.Bb3 O-O-O 0-1

[Event "ACL-A115"]
[Site "www.playchess.de"]
[Date "2001.02.28"]
[Round "9"]
[White "lsoule"]
[Black "esad"]
[WhiteElo "1500"]
[BlackElo "1388"]
[PlyCount "35"]
[Result "1-0"]

1.e4 e5 2.Nf3 Nc6 3.Nc3 Bb4 4.Nd5 a6 5.Nxe5 Bc5 
6.Qh5 g6 7.Nxc6 dxc6 8.Qe5+ Kf8 9.Qxh8 cxd5 10.d4 
Bb6 11.Be2 Ke7 12.Bg5+ f6 13.Qg7+ Kd6 14.Bf4+ Kc6 
15.exd5+ Kxd5 16.Qf7+ Be6 17.Bf3+ Kxd4 
18.Qxe6 1-0

[Event "ACL-A054"]
[Site "www.playchess.de"]
[Date "2001.02.28"]
[Round "2"]
[White "Stema"]
[Black "locko"]
[WhiteElo "2161"]
[BlackElo "1153"]
[PlyCount "49"]
[Result "1-0"]

1.d4 d5 2.c4 dxc4 3.e4 e6 4.Bxc4 c6 5.Nc3 b5 6.Bb3 
a5 7.Nf3 a4 8.Bc2 Qa5 9.Bd2 Bb4 10.a3 Be7 11.Nxa4 
Qa7 12.Nc3 c5 13.Nxb5 Qb6 14.Bd3 Bd7 15.O-O Bxb5 
16.Qb3 Nd7 17.Bxb5 Rb8 18.Bxd7+ Kxd7 19.Ne5+ Ke8 
20.Qg3 g6 21.dxc5 Qxc5 22.Nxf7 Kxf7 23.Qxb8 Qd4 
24.Bc3 Qxe4 25.Bxh8 1-0

[Event "ACL-A054"]
[Site "www.playchess.de"]
[Date "2001.02.28"]
[Round "12"]
[White "Milamber"]
[Black "Flay"]
[WhiteElo "2103"]
[BlackElo "1500"]
[PlyCount "29"]
[Result "1-0"]

1.d4 Nf6 2.c4 e6 3.Nf3 d5 4.Nc3 Bb4 5.Bg5 O-O 6.e3 
Bxc3+ 7.bxc3 Nc6 8.Bd3 b6 9.cxd5 exd5 10.Ne5 Bb7 
11.Ng4 h6 12.Nxf6+ gxf6 13.Bxh6 Re8 14.Qg4+ Kh8 
15.Qg7+ 1-0

[Event "ACL-A054"]
[Site "www.playchess.de"]
[Date "2001.02.28"]
[Round "18"]
[White "Schwachspieler"]
[Black "Stema"]
[WhiteElo "1713"]
[BlackElo "2161"]
[PlyCount "24"]
[Result "0-1"]

1.e4 e5 2.Nf3 Nf6 3.Nxe5 d6 4.Nf3 Nxe4 5.Qe2 Qe7 
6.d3 Nf6 7.Bg5 d5 8.Bxf6 gxf6 9.h3 Nc6 10.Qxe7+ 
Nxe7 11.d4 b6 12.g3 Bb7 0-1

[Event "HCL-A017"]
[Site "www.playchess.de"]
[Date "2001.02.28"]
[Round "4"]
[White "Svetchka"]
[Black "Kleofas"]
[WhiteElo "1985"]
[BlackElo "1897"]
[PlyCount "35"]
[Result "1-0"]

1.e4 c5 2.Nf3 d6 3.d4 cxd4 4.Nxd4 Nf6 5.Nc3 a6 
6.f4 e6 7.Nf3 Be7 8.Bd3 O-O 9.O-O Nc6 10.Qe1 b5 
11.Kh1 Bb7 12.e5 dxe5 13.fxe5 Nd7 14.Qg3 Re8 
15.Ne4 Nf8 16.Bg5 Bxg5 17.Nfxg5 Re7 
18.Nf6+ 1-0

[Event "HCL-A017"]
[Site "www.playchess.de"]
[Date "2001.02.28"]
[Round "6"]
[White "Milamber"]
[Black "Kleofas"]
[WhiteElo "1900"]
[BlackElo "1897"]
[PlyCount "53"]
[Result "1-0"]

1.d4 d5 2.c4 e6 3.Nc3 Nf6 4.Bg5 Nbd7 5.e3 Be7 
6.Nf3 O-O 7.Qc2 Re8 8.O-O-O c6 9.h4 a5 10.e4 dxc4 
11.e5 Nd5 12.Bxc4 Nxc3 13.bxc3 b5 14.Bd3 Nf8 15.g4 
b4 16.Bxe7 Qxe7 17.Ng5 a4 18.Bxh7+ Kh8 19.Be4 b3 
20.axb3 axb3 21.Qxb3 Ba6 22.Qb4 Qc7 23.Qd6 Qa5 
24.Kd2 Kg8 25.Qxc6 Qa2+ 26.Bc2 Rec8 
27.Qf3 1-0

[Event "HCL-A017"]
[Site "www.playchess.de"]
[Date "2001.02.28"]
[Round "9"]
[White "satura"]
[Black "Milamber"]
[WhiteElo "1700"]
[BlackElo "1900"]
[PlyCount "62"]
[Result "0-1"]

1.c4 Nf6 2.Nc3 g6 3.g3 Bg7 4.Bg2 O-O 5.Nf3 c6 
6.O-O d5 7.cxd5 cxd5 8.d4 Ne4 9.Qb3 Nc6 10.e3 Nxc3 
11.bxc3 Na5 12.Qb4 b6 13.Nd2 Ba6 14.Re1 f5 15.f3 
Rc8 16.e4 dxe4 17.fxe4 Rxc3 18.e5 Rc2 19.d5 Qc7 
20.d6 exd6 21.exd6 Qf7 22.Rb1 Bc3 23.Qf4 Qxa2 
24.d7 Nb7 25.Bxb7 Bxb7 26.Re8 Qd5 27.Rxf8+ Kxf8 
28.Qb8+ Kg7 29.Qxb7 Bd4+ 30.Kf1 Qxb7 31.d8Q 
Rxd2 0-1

[Event "HCL-A017"]
[Site "www.playchess.de"]
[Date "2001.02.28"]
[Round "10"]
[White "Kleofas"]
[Black "satura"]
[WhiteElo "1897"]
[BlackElo "1700"]
[PlyCount "76"]
[Result "1/2-1/2"]

1.e4 e6 2.d4 d5 3.Nd2 Nc6 4.c3 e5 5.exd5 Qxd5 
6.dxe5 Nxe5 7.Ngf3 Nd3+ 8.Bxd3 Qxd3 9.Qe2+ Qxe2+ 
10.Kxe2 Nf6 11.Re1 Bf5 12.Nd4 Bg6 13.Kf1+ Kd7 
14.N2f3 Bd6 15.Bg5 Ne4 16.Bh4 c6 17.Rad1 Kc7 
18.Nd2 Nxd2+ 19.Rxd2 Rhe8 20.Red1 Bf4 21.Bg3 Bxg3 
22.hxg3 Rad8 23.Nf3 Rxd2 24.Rxd2 f6 25.a3 Re7 
26.Nd4 Kb6 27.f3 c5 28.Ne2 Kb5 29.Kf2 Kc4 30.Nf4 
Bf7 31.Nd3 b5 32.Nc1 a5 33.g4 b4 34.axb4 cxb4 
35.cxb4 axb4 36.Rd8 Bg6 37.Rc8+ Kb5 38.Rb8+ 
Kc4 1/2-1/2

[Event "HCL-B085"]
[Site "www.playchess.de"]
[Date "2001.02.28"]
[Round "1"]
[White "Mathemagician"]
[Black "dorge"]
[WhiteElo "1400"]
[BlackElo "1200"]
[PlyCount "39"]
[Result "1-0"]

1.e4 c6 2.d4 d5 3.Nc3 dxe4 4.Nxe4 Nd7 5.Bc4 Ngf6 
6.Nxf6+ Nxf6 7.Nf3 Bf5 8.Ne5 e6 9.O-O Be7 10.c3 
Nd7 11.Nxd7 Qxd7 12.Qh5 Bg6 13.Qf3 Rd8 14.Bf4 O-O 
15.Rfe1 b5 16.Bb3 a6 17.Be5 a5 18.a3 a4 19.Ba2 c5 
20.dxc5 1-0

[Event "HCL-B085"]
[Site "www.playchess.de"]
[Date "2001.02.28"]
[Round "2"]
[White "Zehni"]
[Black "Mathemagician"]
[WhiteElo "1590"]
[BlackElo "1400"]
[PlyCount "46"]
[Result "0-1"]

1.e4 c5 2.d4 cxd4 3.c3 dxc3 4.Nxc3 d6 5.Nf3 Nc6 
6.Bc4 Nf6 7.Ng5 e6 8.Nxf7 Kxf7 9.Bg5 h6 10.Bh4 g5 
11.Bg3 Bd7 12.Bxd6 Qb6 13.O-O Na5 14.Bxf8 Nxc4 
15.Ba3 Rhd8 16.Qc2 Bc6 17.e5 Nxe5 18.Qh7+ Nxh7 
19.Rae1 Nd3 20.Re2 Nf4 21.Rc2 Bxg2 22.Rfc1 Qc6 
23.Ne2 Nxe2+ 0-1

[Event "HCL-B085"]
[Site "www.playchess.de"]
[Date "2001.02.28"]
[Round "3"]
[White "dorge"]
[Black "Zehni"]
[WhiteElo "1200"]
[BlackElo "1590"]
[PlyCount "24"]
[Result "0-1"]

1.d4 Nf6 2.Bf4 c5 3.c3 cxd4 4.cxd4 d5 5.e3 Nc6 
6.Nf3 Qb6 7.Qc2 Bg4 8.Nbd2 e6 9.Bd3 Bxf3 10.Nxf3 
Bb4+ 11.Nd2 O-O 12.Bg5 Be7 0-1

[Event "HCL-B085"]
[Site "www.playchess.de"]
[Date "2001.02.28"]
[Round "4"]
[White "Mathemagician"]
[Black "Patzerlogical"]
[WhiteElo "1400"]
[BlackElo "1200"]
[PlyCount "97"]
[Result "1-0"]

1.e4 d5 2.exd5 Nf6 3.d4 Bg4 4.f3 Bf5 5.Bb5+ Nbd7 
6.c4 e6 7.dxe6 Bxe6 8.d5 Bf5 9.Nc3 Bc5 10.Bg5 O-O 
11.Bxd7 Qxd7 12.Qb3 Rfe8+ 13.Nge2 Bd3 14.Bxf6 gxf6 
15.Rd1 Bxe2 16.Nxe2 Qe7 17.Qd3 Qe3 18.Qxe3 Rxe3 
19.Kd2 Rae8 20.Nc3 R3e7 21.Ne4 Be3+ 22.Kd3 Kg7 
23.Kxe3 f5 24.Rd4 fxe4 25.Rxe4 f5 26.Rxe7+ Rxe7+ 
27.Kd2 Kf6 28.Re1 Rxe1 29.Kxe1 Ke5 30.Kf2 Kd4 
31.Kg3 Kxc4 32.Kf4 Kxd5 33.Kxf5 c5 34.Kg5 c4 35.f4 
Ke6 36.g4 b5 37.f5+ Kf7 38.Kf4 h6 39.h4 b4 40.g5 
hxg5+ 41.hxg5 c3 42.bxc3 bxc3 43.Ke3 Ke7 44.Kd3 
Kd6 45.g6 Ke7 46.Kxc3 Kf6 47.Kd4 a6 48.Ke4 a5 
49.a4 1-0

[Event "HCL-B085"]
[Site "www.playchess.de"]
[Date "2001.02.28"]
[Round "5"]
[White "Patzerlogical"]
[Black "dorge"]
[WhiteElo "1200"]
[BlackElo "1200"]
[PlyCount "41"]
[Result "1-0"]

1.e4 c6 2.d4 d5 3.Nd2 dxe4 4.Nxe4 Bf5 5.Ng3 e6 
6.Nxf5 Qa5+ 7.c3 Qxf5 8.Bd3 Qd5 9.Nf3 Nf6 10.c4 
Bb4+ 11.Bd2 Qa5 12.O-O Bxd2 13.Qxd2 Qxd2 14.Nxd2 
Na6 15.a3 Rd8 16.Nf3 c5 17.d5 O-O 18.Rad1 exd5 
19.cxd5 Nc7 20.d6 Ncd5 21.Rdc1 1-0

[Event "HCL-B085"]
[Site "www.playchess.de"]
[Date "2001.02.28"]
[Round "6"]
[White "Zehni"]
[Black "Patzerlogical"]
[WhiteElo "1590"]
[BlackElo "1200"]
[PlyCount "37"]
[Result "1-0"]

1.e4 Nc6 2.d4 e5 3.dxe5 Nxe5 4.Nc3 Nf6 5.f4 Nc6 
6.Nf3 d6 7.Bd3 Bg4 8.Be3 Be7 9.O-O Qd7 10.h3 Bxh3 
11.gxh3 Qxh3 12.Qe2 Ng4 13.Bd2 Bf6 14.Qg2 Qh5 
15.Nd5 O-O-O 16.c3 Rde8 17.Be2 Rxe4 18.Ng5 Bxg5 
19.Bxg4+ 1-0

[Event "HCL-B085"]
[Site "www.playchess.de"]
[Date "2001.02.28"]
[Round "7"]
[White "JABBERWOCKY"]
[Black "Mathemagician"]
[WhiteElo "1349"]
[BlackElo "1400"]
[PlyCount "44"]
[Result "0-1"]

1.e4 c5 2.c3 Nc6 3.Nf3 d5 4.Bd3 c4 5.exd5 Qxd5 
6.Be2 Bg4 7.h3 Bf5 8.Qa4 Bd3 9.Qd1 O-O-O 10.O-O 
Nf6 11.b4 e6 12.Bxd3 cxd3 13.Qb3 Bd6 14.Qxd5 Nxd5 
15.Ng5 Rd7 16.Ne4 Bc7 17.Nc5 Rdd8 18.Nxd3 Nxc3 
19.Nxc3 Rxd3 20.b5 Nd4 21.a4 Rd8 22.Re1 
Nc2 0-1

[Event "HCL-B085"]
[Site "www.playchess.de"]
[Date "2001.02.28"]
[Round "8"]
[White "dorge"]
[Black "JABBERWOCKY"]
[WhiteElo "1200"]
[BlackElo "1349"]
[PlyCount "38"]
[Result "0-1"]

1.d4 d5 2.Bf4 e6 3.e3 Nf6 4.c3 Nc6 5.Nf3 Ng4 
6.Nbd2 Na5 7.Bd3 Bd6 8.Bg3 Bxg3 9.hxg3 h6 10.e4 
O-O 11.e5 f6 12.Nh4 f5 13.Ng6 Rf7 14.Be2 Qg5 
15.Nf4 Bd7 16.Rh5 Qd8 17.Bxg4 fxg4 18.Qxg4 Rf5 
19.b4 Nc6 0-1

[Event "HCL-B085"]
[Site "www.playchess.de"]
[Date "2001.02.28"]
[Round "10"]
[White "Patzerlogical"]
[Black "JABBERWOCKY"]
[WhiteElo "1200"]
[BlackElo "1349"]
[PlyCount "38"]
[Result "0-1"]

1.e4 c5 2.Nf3 e5 3.Nxe5 Qe7 4.d4 f6 5.Nc3 fxe5 
6.Nd5 Qd6 7.Qh5+ g6 8.Qxe5+ Qxe5 9.dxe5 Kd8 
10.Bg5+ Ne7 11.Bf6 Rg8 12.Bc4 Rg7 13.Nxe7 Rxe7 
14.Bxe7+ Bxe7 15.O-O Nc6 16.f4 g5 17.f5 Nxe5 
18.Bg8 Bf6 19.Bxh7 Nc4 0-1

[Event "HCL-B085"]
[Site "www.playchess.de"]
[Date "2001.02.28"]
[Round "11"]
[White "Mathemagician"]
[Black "invisibill"]
[WhiteElo "1400"]
[BlackElo "1500"]
[PlyCount "54"]
[Result "1/2-1/2"]

1.e4 e6 2.d4 Nc6 3.Nf3 Nf6 4.Nc3 Bb4 5.Bg5 Bxc3+ 
6.bxc3 h6 7.Bxf6 Qxf6 8.e5 Qf4 9.Rb1 d5 10.exd6 
e.p 11.Qxd6 Bb5 12.Qa3 Rb3 13.Qxa2 Ne5 14.a6 Bxc6+ 
15.bxc6 Nxc6 16.Bd7 Nb4 17.Qa5 O-O 18.O-O Qf3 
19.Bb5 Rfb1 20.Ra7 c4 21.Bd7 Ra3 22.Qb6 c5 23.Qb5 
c6 24.Bc8 c3 25.a5 Rba1 26.Re8 Nd3 27.f6 
R3a4 1/2-1/2

[Event "HCL-B085"]
[Site "www.playchess.de"]
[Date "2001.02.28"]
[Round "12"]
[White "invisibill"]
[Black "dorge"]
[WhiteElo "1500"]
[BlackElo "1200"]
[PlyCount "23"]
[Result "1-0"]

1.e4 c6 2.d4 d5 3.f3 e6 4.Be3 Qb6 5.Qc1 dxe4 
6.fxe4 Nf6 7.Bd3 Ng4 8.b3 c5 9.Ne2 Nxe3 10.Qxe3 
cxd4 11.Qxd4 Qa5+ 12.Nbc3 1-0

[Event "HCL-B085"]
[Site "www.playchess.de"]
[Date "2001.02.28"]
[Round "13"]
[White "Zehni"]
[Black "invisibill"]
[WhiteElo "1590"]
[BlackElo "1500"]
[PlyCount "41"]
[Result "1-0"]

1.e4 d5 2.exd5 Nf6 3.d4 Nxd5 4.c4 Nb6 5.Nf3 e6 
6.Bd2 Nc6 7.Bc3 Bd7 8.Bd3 Bb4 9.O-O Bxc3 10.Nxc3 
O-O 11.a3 a6 12.Qc2 f5 13.c5 Nc8 14.Rfe1 Qf6 15.d5 
Nd8 16.Ne5 Qe7 17.Nxd7 Qxd7 18.dxe6 Nxe6 19.Bc4 
Rf6 20.Rxe6 Kh8 21.Rd1 1-0

[Event "HCL-B085"]
[Site "www.playchess.de"]
[Date "2001.02.28"]
[Round "14"]
[White "invisibill"]
[Black "Patzerlogical"]
[WhiteElo "1500"]
[BlackElo "1200"]
[PlyCount "35"]
[Result "1-0"]

1.Nf3 d5 2.g3 b6 3.d4 c5 4.Bg2 Nc6 5.c4 Nf6 6.Nc3 
e6 7.Bf4 cxd4 8.Nxd4 Nxd4 9.Qxd4 Bc5 10.Qe5 Bb7 
11.O-O Bd6 12.Qxd6 Qxd6 13.Bxd6 Ne4 14.Nxe4 dxe4 
15.Rad1 f5 16.Be5 O-O 17.Rd7 Rf7 
18.Rfd1 1-0

[Event "HCL-B085"]
[Site "www.playchess.de"]
[Date "2001.02.28"]
[Round "15"]
[White "JABBERWOCKY"]
[Black "invisibill"]
[WhiteElo "1349"]
[BlackElo "1500"]
[PlyCount "28"]
[Result "0-1"]

1.e4 e5 2.Nc3 Nf6 3.Nf3 Nc6 4.Nd5 Nxe4 5.d3 Nf6 
6.Bg5 Be7 7.Bxf6 Bxf6 8.Qe2 O-O 9.g3 d6 10.Bg2 Re8 
11.Qe4 Bd7 12.c3 Nd4 13.cxd4 exd4 14.Ne5 
Rxe5 0-1

[Event "HCL-B085"]
[Site "www.playchess.de"]
[Date "2001.02.28"]
[Round "16"]
[White "Hicks"]
[Black "Mathemagician"]
[WhiteElo "1099"]
[BlackElo "1400"]
[PlyCount "46"]
[Result "0-1"]

1.e4 e6 2.Nf3 d5 3.Nc3 d4 4.Na4 Nf6 5.d3 b5 6.c4 
bxa4 7.Qxa4+ Bd7 8.Qa5 Nc6 9.Qg5 Rb8 10.b3 Bb4+ 
11.Bd2 Bxd2+ 12.Nxd2 O-O 13.h4 Nb4 14.h5 Nc2+ 
15.Kd1 Nxa1 16.e5 Nd5 17.Qg4 Nc3+ 18.Kc1 c5 19.h6 
Nxa2+ 20.Kb1 g6 21.Rh5 Qa5 22.Ne4 Rxb3+ 23.Kxa1 
Nc3+ 0-1

[Event "HCL-B085"]
[Site "www.playchess.de"]
[Date "2001.02.28"]
[Round "17"]
[White "dorge"]
[Black "Hicks"]
[WhiteElo "1200"]
[BlackElo "1099"]
[PlyCount "26"]
[Result "0-1"]

1.d4 e6 2.f4 Qh4+ 3.g3 Qe7 4.e4 Qb4+ 5.c3 Qd6 
6.Nd2 e5 7.fxe5 Qg6 8.Nh3 d6 9.Nf4 Qg5 10.Nc4 Bg4 
11.Qb3 b5 12.Qxb5+ Kd8 13.Ne6+ 
fxe6 0-1

[Event "HCL-B085"]
[Site "www.playchess.de"]
[Date "2001.02.28"]
[Round "18"]
[White "Hicks"]
[Black "Zehni"]
[WhiteElo "1099"]
[BlackElo "1590"]
[PlyCount "58"]
[Result "0-1"]

1.d4 Nf6 2.Nf3 e6 3.e4 Nxe4 4.Nc3 Bb4 5.Qd3 d5 
6.Qb5+ Nc6 7.a3 Nxc3 8.Qd3 Na2+ 9.axb4 Naxb4 
10.Bg5 Nxd3+ 11.cxd3 f6 12.Bh4 Qe7 13.Ra3 Qb4+ 
14.Kd1 Qxb2 15.Be2 Nb4 16.Nd2 Qc2+ 17.Ke1 Qc1+ 
18.Bd1 Qxa3 19.Nb1 Qc1 20.Nc3 Qxc3+ 21.Ke2 Qxd3+ 
22.Ke1 Qc3+ 23.Ke2 Nd3 24.Ba4+ Bd7 25.Rd1 Qc4 
26.Rxd3 Bxa4 27.f4 Bb5 28.Kf2 Qxd3 29.f5 
exf5 0-1

[Event "HCL-B085"]
[Site "www.playchess.de"]
[Date "2001.02.28"]
[Round "19"]
[White "Patzerlogical"]
[Black "Hicks"]
[WhiteElo "1200"]
[BlackElo "1099"]
[PlyCount "59"]
[Result "1-0"]

1.Nf3 Nc6 2.b3 a5 3.Bb2 a4 4.Nc3 a3 5.Bc1 e5 6.e4 
d5 7.Nxd5 Bg4 8.Bb5 Ra5 9.c4 f5 10.d3 fxe4 11.dxe4 
Nf6 12.Qd3 h6 13.Nxe5 Bd6 14.Ng6 Kd7 15.Nxh8 Qxh8 
16.Nxf6+ gxf6 17.Bf4 f5 18.e5 Ke7 19.exd6+ cxd6 
20.Qxd6+ Kf7 21.Bxc6 bxc6 22.Qc7+ Kg6 23.Qxc6+ Kf7 
24.O-O Qg8 25.Qc7+ Ke6 26.Qxa5 Bh3 27.Qd5+ Ke7 
28.Qxg8 Bg4 29.Rfe1+ Kf6 30.Re6+ 1-0

[Event "HCL-B085"]
[Site "www.playchess.de"]
[Date "2001.02.28"]
[Round "20"]
[White "Hicks"]
[Black "JABBERWOCKY"]
[WhiteElo "1099"]
[BlackElo "1349"]
[PlyCount "60"]
[Result "0-1"]

1.e4 c5 2.Nc3 e6 3.Nf3 Nc6 4.d3 Bd6 5.Bg5 f6 6.Bh4 
Qb6 7.Bg3 e5 8.Na4 Qb4+ 9.Nc3 Qxb2 10.Rb1 Qxc3+ 
11.Qd2 Qa5 12.d4 Qxa2 13.Qc1 cxd4 14.Rb2 Bb4+ 
15.Kd1 Qa5 16.Rb3 Nh6 17.h3 d6 18.Nd2 Be6 19.Bc4 
Bxd2 20.Qa3 Bxc4 21.c3 Bxb3+ 22.Qxb3 Qa1+ 23.Kxd2 
dxc3+ 24.Qxc3 Qxh1 25.f4 Qxg2+ 26.Ke1 Qxe4+ 27.Kf2 
Nd4 28.fxe5 Qe2+ 29.Kg1 Nf3+ 30.Kh1 
Qf1+ 0-1

[Event "HCL-B058"]
[Site "www.playchess.de"]
[Date "2001.02.28"]
[Round "1"]
[White "mrchess"]
[Black "Axel"]
[WhiteElo "1588"]
[BlackElo "1500"]
[PlyCount "58"]
[Result "1/2-1/2"]

1.d4 Nf6 2.c4 g6 3.Nc3 Bg7 4.Bf4 d6 5.e4 O-O 6.Nf3 
Na6 7.Be2 c5 8.d5 Qb6 9.b3 Ne8 10.Qc1 e5 11.Bd2 f5 
12.Bh6 f4 13.Bxg7 Nxg7 14.O-O h6 15.h3 Qd8 16.Nh2 
h5 17.a3 g5 18.Qd1 Qe8 19.Nb5 Qg6 20.f3 Bd7 21.Rf2 
Rfc8 22.Nc3 Ne8 23.Rb1 Nac7 24.b4 cxb4 25.axb4 b6 
26.Ra1 Nf6 27.Bf1 Kh8 28.Rfa2 a6 29.Na4 
Rcb8 1/2-1/2